000 00851nas a2200277 4500
001 BR2013006364
003 BR-BrBNA
005 20231205122753.0
007 ta
008 230509b bl.|||p| |||| 00| 00por d
040 _aBR-BrBNA
_bpor
_cBiblioteca Nacional de Agricultura
041 _a(Pt)
072 _aF03; F08
100 1 _aPereira, S.R.
100 1 _aLaura, V.A.
100 1 _aSouza, A.L.T.
245 1 _aSuperação de dormência de sementes como estratégia para restauração florestal de pastagem tropical
650 _aLEGUMINOSAE
650 _aSEMENTE
650 _aDORMÊNCIA
650 _aPASTAGEM
650 _aPLANTIO DIRETO
773 0 _tPesquisa Agropecuária Brasileira (Brazil)
_xISSN 0100-203X
_g(Feb 2013), v. 48(2) p. 148-156
_wBR2013006364
909 _a202311
_bLúcia
_c55
_dLúcia Elande
942 _2AGRIS
_n0
_cANA
999 _c230460
_d230460